Meilleurs buteurs de l'Histoire Manchester United - Statistiques

Statistiques générales
  • Ce quiz a été pris 132 fois
  • Le résultat moyen est 7 sur 20
Statistiques - réponses
Buts Nation Joueur % Correct
253 Angleterre Wayne Rooney
96%
145 Portugal Cristiano Ronaldo
93%
167 Pays de Galles Ryan Giggs
85%
179 Irlande du Nord George Best
66%
243 Angleterre Bobby Charlton
63%
138 Angleterre Marcus Rashford
59%
150 Pays-Bas Ruud van Nistelrooy
58%
90 France Anthony Martial
57%
153 Angleterre Paul Scholes
56%
126 Norvège Ole Gunnar Solskjaer
46%
121 Angleterre Andy Cole
25%
237 Écosse Denis Law
23%
94 Angleterre Bryan Robson
5%
158 Pays de Galles Mark Hughes
5%
85 Angleterre Stan Pearson
2%
112 Écosse Brian McClair
1%
145 Écosse David Herd
1%
173 Angleterre Dennis Viollet
1%
105 Angleterre Jack Rowley
1%
131 Angleterre Tommy Taylor
1%
Aucun quiz correspondant
Distribution des résultats
% des personnes avec chaque résultat
Percentile par nombre de réponses
Votre historique - résultats
Vous n’avez pas pris ce quiz